Liedtext-Ducktales-Neues aus Entenhausen - Statistiken

Allgemein
  • Dieses Quiz wurde 53 mal gespielt
  • Das Durchschnittsergebnis liegt bei 61 aus 91
Antwortstatistiken
Antwort % Korrekt
Duck
100%
Ducktales
93%
Ducktales
93%
Ducktales
93%
Ducktales
93%
Ducktales
93%
Ducktales
93%
Ducktales
93%
da
91%
und
91%
und
91%
und
91%
die
89%
die
89%
die
89%
sind
89%
sind
89%
sind
89%
sind
89%
sind
89%
Dargobert
86%
Tick
86%
Track
86%
Trick
86%
es
82%
es
82%
es
82%
es
82%
ist
82%
ist
82%
ist
82%
sie
82%
sie
82%
sie
82%
sie
82%
hier
80%
hier
80%
V
77%
V
77%
V
77%
ab
73%
alle
70%
ein
70%
Entenhausen
68%
wie
68%
bei
66%
dir
66%
geheimnisvoll
66%
supertoll
66%
Vorsicht
66%
der
64%
der
64%
geht
64%
Hurrikan
64%
wer
64%
Goofy
61%
Pluto
61%
doch
59%
nicht
59%
nicht
59%
gibt
57%
keinen
52%
keinen
52%
mag
52%
mag
52%
uuhu
52%
uuhu
52%
uuhu
52%
uuhu
52%
uuhu
52%
zum
52%
für
50%
Happyend
50%
uuhu
50%
verhilft
50%
gibts
45%
in
45%
tag
45%
tag
45%
auf
43%
neue
36%
Spaß
34%
Turbulent
34%
Aufruhr
30%
schlag
30%
schlag
30%
alles
27%
wunderbar
27%
Action
25%
ganz
25%
stories
23%
Keine übereinstimmenden Quizze gefunden
Verteilung der Resultate
Anzahl Personen mit jedem Resultat
Perzentil nach korrekt beantworteten Fragen
Ihre Resultats-Entwicklung
Sie haben dieses Quiz noch nicht gespielt